Southville International School and Colleges
Your cart is empty.
  • Cart
  • Lists
    Public lists Eva Luna New books Lux_list list_1
    Your lists Log in to create your own lists
  • Log in to your account
  • Your cookies
  • Search history
Southville International School and Colleges
  • Advanced search
  • Recent comments
  • Most popular
  • Libraries

Log in to your account

Log in with GOOGLE


If you do not have an external account, but do have a local account, you can still log in:

  1. Home
  2. MARC view: Famous faces famous speeches :
Normal view MARC view ISBD view

Famous faces famous speeches : (Record no. 10427)

[ view plain ]
MARC details
000 -LEADER
fixed length control field 00397nam a22001577a 4500
003 - CONTROL NUMBER IDENTIFIER
control field SISC
005 - DATE AND TIME OF LATEST TRANSACTION
control field 20160307134634.0
008 - FIXED-LENGTH DATA ELEMENTS--GENERAL INFORMATION
fixed length control field 130905t xxu||||| |||| 00| 0 eng d
020 ## - INTERNATIONAL STANDARD BOOK NUMBER
International Standard Book Number 8125908528
050 ## - LIBRARY OF CONGRESS CALL NUMBER
Classification number PN 4120
Item number .F198 2001
245 ## - TITLE STATEMENT
Title Famous faces famous speeches :
260 ## - PUBLICATION, DISTRIBUTION, ETC. (IMPRINT)
Place of publication, distribution, etc New Delhi;
Name of publisher, distributor, etc vikas Pub;
Date of publication, distribution, etc c2001.
300 ## - PHYSICAL DESCRIPTION
Extent 379 p. :
Other physical details ill. :
Dimensions 22 cm.
942 ## - ADDED ENTRY ELEMENTS (KOHA)
Source of classification or shelving scheme Library of Congress Classification
Koha item type Books
Holdings
Withdrawn status Lost status Source of classification or shelving scheme Damaged status Home library Current library Shelving location Date acquired Total Checkouts Full call number Barcode Date last seen Copy number Price effective from Koha item type
    Library of Congress Classification   Luxembourg Library Luxembourg Library High School Section 09/05/2013   PN 4120 .F198 2001 8082 03/07/2016 1 09/05/2013 Books

Famous faces famous speeches :

APA

(2001). Famous faces famous speeches. New Delhi: vikas Pub.

Chicago

2001. Famous faces famous speeches. New Delhi: vikas Pub.

Harvard

(2001). Famous faces famous speeches. New Delhi: vikas Pub.

MLA

Famous faces famous speeches. New Delhi: vikas Pub. 2001.

  • Place hold
  • Print
  • Cite
  • Add to your cart (remove)
  • Save record
    BIBTEX Dublin Core MARCXML MARC (non-Unicode/MARC-8) MARC (Unicode/UTF-8) MARC (Unicode/UTF-8, Standard) MODS (XML) RIS
  • More searches
    Search for this title in:
    Other Libraries (WorldCat) Other Databases (Google Scholar) Online Stores (Bookfinder.com) Open Library (openlibrary.org)

Exporting to Dublin Core...

SOUTHVILLE LIBRARY

Southville International School and Colleges Library

1281 Tropical Ave. Cor. Luxembourg St., BF Homes International, Las Pinas City

Tel. No. 8256374 / 252358 Loc. 117/146

Powered by Koha